Wszyscy bohaterowie z Muminków - Statystyki

Ogólne statystyki
  • Ten quiz został rozwiązany 100 razy
  • Średni wynik to 13 z 25
Statystyki odpowiedzi
Wskazówka Odpowiedź % Poprawnych
Główny bohater Muminek
99%
Nosi zawsze czarny kapelusz Tata Muminka
94%
Potwór z doliny Muminków Buka
93%
Zawsze nosi torebkę Mama Muminka
93%
Mieszka w domu Muminków Mała Mi
91%
Najlepszy Przyjaciel głównego bohatera Włóczykij
91%
Dziewczyna/przyjaciółka głównego bohatera Panna Migotka
85%
Przyjaciel głównego bohatera, jest bardzo strachliwy Ryjek
69%
Kolekcjoner Paszczak
63%
Złodziej, oszust, samolub; dziwny stworek przypominający krzak Bobek
57%
Brat przyjaciółki głównego bohatera Migotek
45%
Białe stworki, mogą się naelektryzować Hatifnaty
42%
Mieli ze sobą tajemniczą walizkę Topik i Topcia
39%
Jej siostra Mimbla
37%
Nowa sąsiadka Muminków Pani Filifionka
37%
Wnuczka wiedźmy Alicja
34%
Mieszka w lesie w drewnianym domku Czarownica
33%
Zgubił magiczny kapelusz Czarodziej
31%
Przyprowadza niewidzialną dziewczynkę Too-tiki
31%
Jest niewidzialną dziewczynką Nini
27%
Rozwiązywał sprawy kryminalne w Dolinie Muminków Pan Inspektor
25%
Byli jego załogą Piraci
22%
Jego koledzy po fachu Policjanci
19%
Często wpadał w pułapki zastawiane przez... Listonosz
16%
Zażądał okupu za... i został uśpiony Kapitan Rumpel
15%
Nie znaleziono quizów pasujących do podanych kryteriów
Rozkład punktacji
Procent ludzi z każdym wynikiem
Percentyl według liczby udzielonych odpowiedzi
Twoja historia wyników
Nie rozwiązałeś tego quizu